|
|
|
|
| LEADER |
01056nam a2200301 a 4500 |
| 001 |
000593608 |
| 003 |
CZ BrMZK |
| 005 |
20100115105313.0 |
| 007 |
ta |
| 008 |
020405s2002 xr e f cze d |
| 015 |
|
|
|a cnb001093492
|
| 020 |
|
|
|a 80-7226-606-3
|
| 035 |
|
|
|a (OCoLC)51189336
|
| 040 |
|
|
|a BOA001
|b cze
|
| 072 |
|
7 |
|a 004.7
|x Počítačové sítě
|2 Konspekt
|9 23
|
| 080 |
|
|
|a 004.773.3
|2 MRF
|
| 080 |
|
|
|a (035)
|2 MRF
|
| 100 |
1 |
|
|a Hlavenka, Jiří,
|d 1964-
|7 jn19990209240
|4 aut
|
| 245 |
1 |
0 |
|a Používáme, využíváme [a zneužíváme] e-mail /
|c Jiří Hlavenka
|
| 250 |
|
|
|a Vyd. 1.
|
| 260 |
|
|
|a Praha :
|b Computer Press,
|c 2002
|
| 300 |
|
|
|a ix, 280 s. ;
|c 23 cm
|
| 650 |
0 |
7 |
|a elektronická pošta
|7 ph114447
|2 czenas
|
| 655 |
|
7 |
|a příručky
|7 fd133209
|2 czenas
|
| 856 |
4 |
1 |
|u http://www.digitalniknihovna.cz/mzk/uuid/uuid:143129d0-825a-11e2-b238-005056827e52
|y Digitalizovaný dokument
|x NDK
|
| 910 |
|
|
|a BOA001
|b 2-1100.809
|
| 990 |
|
|
|a BK
|
| 996 |
6 |
|
|b 2610158738
|c 2-1100.809
|l MZK
|r Sklad / do 1 hodiny
|n 1
|p p.v.
|w 000593608
|u 000010
|a 1
|e BOA001
|j MZK50
|s P
|